=LDR 00000nam 2200000 4500 =001 INLIS000000000012898 =005 20130612104356 =008 ***********************************Ind** =035 ##$$0010-061300000012898 =041 ##$$a Ind =082 ##$$a 658.4 =090 ##$$a 658.4, Irm b =100 ##$$a Irmim, Sujitno =245 ##$$a Bekal minimal seorang pemimpin, Soejitno Irmin =260 ##$$a 2004 $b jakarta =300 ##$$a viii,159 hlm, 21 cm =650 ##$$a Kepimpinan =850 ##$$a NBPNMAT